| 000 | 00812nac a22002291u 4500 | ||
|---|---|---|---|
| 010 | _a 90038041 | ||
| 020 | _a0070504466 : | ||
| 022 | _a0071008764 [International ed.] | ||
| 082 | 0 | 0 |
_a629.1323 _bKAT |
| 090 |
_c6121 _d6121 |
||
| 100 | _aKatz, Joseph, | ||
| 245 | 1 | 0 |
_aLow-speed aerodynamics : _bfrom wing theory to panel methods / _cJoseph Katz, Allen Plotkin. |
| 260 |
_aNew York : _bMcGraw-Hill,c1991. _cc1991. |
||
| 300 |
_axv, 632 p. : _bill. ; _c25 cm. |
||
| 440 | 0 | _aMcGraw-Hill series in aeronautical and aerospace engineering | |
| 500 | _aDistributer: Al-Ahram. | ||
| 504 | _aIncludes bibliographical references and index. | ||
| 511 | _aCatalogued By: Mahitab. | ||
| 650 | 0 | _aAerodynamics. | |
| 700 | 1 | _aPlotkin, Allen. | |
| 942 |
_cBB _k629.1323KAT |
||
| 999 |
_c6121 _d6121 |
||